Politika

Bibliographic Details
Main Author: Aristoteles, 384 pred Kr.-322 pred Kr (Author)
Other Authors: Špaňár, Július, 1917-2007 (Translator), Martinka, Jaroslav, 1930-2013 (Author of introduction, etc.)
Format: Book
Language:Slovak
Greek, Ancient (to 1453)
PhysicalDescription:302 s. 20 cm
Published: Bratislava Kalligram 2006
ISBN:8071498408
Edition:1. vyd.
Series:Filozofia do vrecka
Subjects:

MARC

LEADER 00000nam a2200000 a 4500
001 vtls008871597
003 SK-MaSNL
005 20260302051830.0
008 240314s2006 xo g 000 0 slo
015 |a SNBA2006/10-05294 
020 |a 8071498408  |q (brož.) 
035 |a 0B22855E-B3C0-4B39-AEB5-A1BFB1F1CF97 
035 |a urn:nbn:sk:snk-amjedt 
035 |a urn:nbn:sk:snk-am000ypy 
040 |a SNK  |b slo  |c SNK  |e AACR2 
041 1 |a slo  |h grc 
044 |a xo  |c SK 
072 7 |a 321  |x Politológia  |2 konspekt 
080 |a 32:1  |2 2001 
080 |a 14(37/38)  |2 2001 
080 |a (049)  |2 2001 
100 0 |a Aristoteles,  |d 384 pred Kr.-322 pred Kr  |4 aut  |9 186400 
240 1 0 |a Politica  |l Slovensky 
245 1 0 |a Politika  |c Aristoteles ; [z gréckeho originálu preložil Július Špaňár ; úvodnú štúdiu napísal Jaroslav Martinka] 
250 |a 1. vyd. 
260 |a Bratislava  |b Kalligram  |c 2006 
300 |a 302 s.  |c 20 cm 
490 1 |a Filozofia do vrecka 
500 |a Celkovo 2. vyd. 
504 |a Bibliogr. odkazy 
650 0 7 |a politická filozofia  |2 SNKPH  |9 4678 
650 0 7 |a antická filozofia  |2 SNKPH  |9 16861 
655 7 |a rozpravy  |2 SNKPH  |9 70559 
700 1 |a Špaňár, Július,  |d 1917-2007  |4 trl  |9 37204 
700 1 |a Martinka, Jaroslav,  |d 1930-2013  |4 aui  |9 174545 
830 0 |a Filozofia do vrecka  |9 278086 
919 |a 80-7149-840-8 
999 |c 1102713  |d 1104643 
952 |a SNK  |b SNK  |y PREZ  |7 0  |p 17A0525659  |o snkSD 75986  |i snk2006/22132  |8 0  |0 0  |1 0  |4 0  |d 2006-10-30  |l 0  |r 2025-11-24 00:00:00  |w 2026-02-24 
952 |a SNK  |b SNK  |y VYP  |7 0  |p 17A0525660  |o snkSD 75986 D1  |i snk2006/22133  |8 0  |0 0  |1 0  |4 0  |d 2006-10-30  |l 0  |r 2017-06-30 00:00:00  |w 2026-02-24